000
00255nam a22001217a 4500
008
170818b xxu||||| |||| 00| 0 eng d
041
_a
eng
080
_a
51
100
_a
37
101
_a
MAT
245
_a
COLLEGE ALGEBRA
_c
ALBERT.A.A
942
_2
udc
_c
BK
999
_c
24141
_d
24141